Management in Banking. (Record no. 2969)

MARC details
000 -LEADER
fixed length control field 00516nam a22001937a 4500
003 - CONTROL NUMBER IDENTIFIER
control field OSt
005 - DATE AND TIME OF LATEST TRANSACTION
control field 20160204194506.0
008 - FIXED-LENGTH DATA ELEMENTS--GENERAL INFORMATION
fixed length control field 160204b xxu||||| |||| 00| 0 eng d
020 ## - INTERNATIONAL STANDARD BOOK NUMBER
International Standard Book Number 0852972792
040 ## - CATALOGING SOURCE
Transcribing agency DDC.
082 ## - DEWEY DECIMAL CLASSIFICATION NUMBER
Classification number 332.1WHY1990
100 ## - MAIN ENTRY--PERSONAL NAME
Personal name Whyte,Ian;Plenderleith,John;
9 (RLIN) 6709
245 ## - TITLE STATEMENT
Title Management in Banking.
260 ## - PUBLICATION, DISTRIBUTION, ETC. (IMPRINT)
Place of publication, distribution, etc. London.
Name of publisher, distributor, etc. The chartered Institute of bankers.
Date of publication, distribution, etc. 1990
300 ## - PHYSICAL DESCRIPTION
Extent xiii,329p;
Other physical details ill;
Dimensions 22cm
504 ## - BIBLIOGRAPHY, ETC. NOTE
Bibliography, etc includes index.
650 ## - SUBJECT ADDED ENTRY--TOPICAL TERM
Topical term or geographic name as entry element Management.
9 (RLIN) 364
942 ## - ADDED ENTRY ELEMENTS (KOHA)
Source of classification or shelving scheme Dewey Decimal Classification
Koha item type Short Loan
Holdings
Withdrawn status Lost status Source of classification or shelving scheme Damaged status Not for loan Home library Current library Date acquired Source of acquisition Inventory number Total Checkouts Full call number Barcode Date last seen Price effective from Koha item type
    Dewey Decimal Classification     MUST Main Library MUST Main Library 04/02/2016   2000/14264   332.1WHY1990 2016-0087 04/02/2016 04/02/2016 Short Loan